Моделирование плотности нейтронного потока в различных средах в пакете COMSOL MULTIPHYSICS; Молодежь и современные информационные технологии

Detalles Bibliográficos
Parent link:Молодежь и современные информационные технологии.— 2012.— [С. 130-131]
Autor Principal: Нгуен Ван Нган
Autor Corporativo: Национальный исследовательский Томский политехнический университет (ТПУ) Институт кибернетики (ИК) Кафедра прикладной математики (ПМ)
Outros autores: Огородников А. С. Александр Сергеевич
Summary:Заглавие с титульного экрана
Idioma:ruso
Publicado: 2012
Series:Математическое моделирование и компьютерный анализ данных
Subjects:
Acceso en liña:http://www.lib.tpu.ru/fulltext/c/2012/C04/055.pdf
Formato: MixedMaterials Electrónico Capítulo de libro
KOHA link:https://koha.lib.tpu.ru/cgi-bin/koha/opac-detail.pl?biblionumber=609873

MARC

LEADER 00000naa2a2200000 4500
001 609873
005 20260327103055.0
035 |a (RuTPU)RU\TPU\conf\7407 
035 |a RU\TPU\conf\7406 
090 |a 609873 
100 |a 20141211d2012 k y0rusy50 ca 
101 0 |a rus 
102 |a RU 
135 |a drcn ---uucaa 
181 0 |a i  
182 0 |a b 
200 1 |a Моделирование плотности нейтронного потока в различных средах в пакете COMSOL MULTIPHYSICS  |f Нгуен Ван Нган, А. С. Огородников 
203 |a Текст  |c электронный 
225 1 |a Математическое моделирование и компьютерный анализ данных 
300 |a Заглавие с титульного экрана 
320 |a [Библиогр.: с. 131 (6 назв.)] 
337 |a Adobe Reader 
463 0 |0 (RuTPU)RU\TPU\conf\6944  |t Молодежь и современные информационные технологии  |o сборник трудов X Международной научно-практической конференции студентов, аспирантов и молодых ученых, г. Томск, 13-16 ноября 2012 г.  |f Национальный исследовательский Томский политехнический университет (ТПУ) ; под ред. Е. А. Сикоры и др.  |v [С. 130-131]  |d 2012 
610 1 |a труды учёных ТПУ 
610 1 |a электронный ресурс 
610 1 |a моделирование 
610 1 |a нейтронные потоки 
610 1 |a COMSOL MULTIPHYSICS 
610 1 |a плотность 
610 1 |a модели 
700 0 |a Нгуен Ван Нган 
701 1 |a Огородников  |b А. С.  |c специалист в области информатики и вычислительной техники  |c доцент Томского политехнического университета, кандидат физико-математических наук  |f 1947-  |g Александр Сергеевич  |3 (RuTPU)RU\TPU\pers\26413 
712 0 2 |a Национальный исследовательский Томский политехнический университет (ТПУ)  |b Институт кибернетики (ИК)  |b Кафедра прикладной математики (ПМ)  |3 (RuTPU)RU\TPU\col\18700 
801 2 |a RU  |b 63413507  |c 20141211  |g RCR 
856 4 |u http://www.lib.tpu.ru/fulltext/c/2012/C04/055.pdf 
942 |c BK